000 00507nab a22001457 4500
003 ES-SlBCS
005 20221209171046.0
008 201211s2020 sp ||||| |||| 00| 0 spa d
040 _aES-SlBCS
_bspa
041 _aspa
100 1 _aLintner, Martín M.
_960763
245 1 4 _aLas relaciones basadas en la solidaridad como una alternativa saludable para las personas con (y sin) discapacidades
_cMartin M. Lintner
773 0 _gNúm. 388, 2020, págs. 155-164
_tConcilium
_wRev134
_x0210-1041
942 _2lcc
_cAR
999 _c490806
_d490806